| Поле | Инд. | ПП | Название | Значение |
|---|---|---|---|---|
| Тип записи | a | |||
| Библиографический уровень | m | |||
| 001 | _ | Контрольный номер | RU/ЭБС IPR BOOKS/70643 | |
| 005 | Дата корректировки | 20250915131140.3 | ||
| 008 | Кодируемые данные | 211122s2015 RU y f j 000 1 rus u | ||
| 020 | a | ISBN | 978-5-9905655-8-6 | |
| 040 | c | Служба, преобразующая запись | ЭБС IPR BOOKS | |
| 041 | a | Код языка текста | rus | |
| 044 | a | Код страны публикации | RU | |
| 080 | a | Индекс УДК | 79 | |
| 084 | 2 | Источник индекса | rubbk | |
| a | Индекс другой классификации/Индекс ББК | 75.0 | ||
| 245 | a | Заглавие | Оздоровительные технологии | |
| b | Продолж. заглавия | учебник | ||
| c | Ответственность | Н. М. Белокрылов, Б. И. Мугерман, А. Н. Налобина [и др.]; под редакцией Л. В. Шарова | ||
| 250 | g | Весь срок охраны авторского права | ||
| a | Основные сведения об издании | Оздоровительные технологии | ||
| 256 | a | Характеристики компьютерного файла | Электрон. дан. (1 файл) | |
| 260 | a | Место издания | Пермь | |
| b | Издательство | Пермский государственный гуманитарно-педагогический университет, Астер | ||
| c | Дата издания | 2015 | ||
| 300 | a | Объем | 130 с. | |
| 500 | a | Примечание | Книга находится в премиум-версии ЭБС IPR BOOKS. | |
| 516 | a | Прим. о типе комп. файла/ данных | Текст | |
| 520 | a | Аннотация | Учебник «Оздоровительные технологии» составлен в соответствии с требованиями ФГОС по направлению подготовки 49.03.02 «Физическая культура для лиц с отклонениями состояния здоровья (адаптивная физическая культура)», профиль подготовки: «Лечебная физическая культура»; квалификация (степень) выпускника: бакалавр. Данный учебник обеспечивает дисциплину «Оздоровительные технологии» (Б1.В.ДВ.7.1). Усвоение содержания данной дисциплины способствует формированию у студентов таких компетенций, как ПК-8, ПК-12, ПК-20. Учебник написан коллективом ведущих специалистов в области адаптивной, лечебной физической культуры, массажа. В учебном пособии изложены основные вопросы социальных и биологических основ физической культуры и здорового образа жизни. Раскрыты современные подходы в области физической, адаптивной и лечебной культуры, способствующие созданию устойчивой мотивации к здоровому и продуктивному стилю жизни, формированию потребности в физическом самосовершенствовании. Авторы стремились в 13 главах представить основные средства, принципы и методы оздоровительных технологий. В конце глав предложены контрольные вопросы для самостоятельной работы студентов. Учебник завершается списком рекомендованной литературы. Издание адресовано студентам-специалистам, бакалаврам, магистрам, аспирантам, слушателям курсов повышения квалификации, а также преподавателям при подготовке лекций и методико-практических занятий, включающих в себя оздоровительные технологии. Надеемся также, что учебник поможет студентам в повышении уровня образования и практическом определении в формировании здорового образа жизни. | |
| 521 | a | Примеч. о целев. назн. | Весь срок охраны авторского права | |
| 538 | a | Прим. о системных особенностях | электронный | |
| 653 | a | Ключевые слова | здоровье | |
| 653 | a | Ключевые слова | технология | |
| 653 | a | Ключевые слова | физкультура | |
| 653 | a | Ключевые слова | лечение | |
| 653 | a | Ключевые слова | массаж | |
| 700 | 1_ | a | Другие авторы | Белокрылов, Н. М. |
| 4 | Код отношения | 070 | ||
| 700 | 1_ | a | Другие авторы | Мугерман, Б. И. |
| 4 | Код отношения | 070 | ||
| 700 | 1_ | a | Другие авторы | Налобина, А. Н. |
| 4 | Код отношения | 070 | ||
| 700 | 1_ | a | Другие авторы | Шаров, А. В. |
| 4 | Код отношения | 070 | ||
| 700 | 1_ | a | Другие авторы | Шарова, Л. В. |
| 4 | Код отношения | 070 | ||
| 700 | 1_ | a | Другие авторы | Шарова, Л. В. |
| 4 | Код отношения | 340 | ||
| 856 | 4_ | u | URL | http://www.iprbookshop.ru/70643.html |
| z | Примечание для пользователя | Участвует в КО |